Essentials of college algebra (Record no. 147095)

MARC details
000 -LEADER
fixed length control field nam a22 7a 4500
005 - DATE AND TIME OF LATEST TRANSACTION
control field 20190219112934.0
008 - FIXED-LENGTH DATA ELEMENTS--GENERAL INFORMATION
fixed length control field 190219b cau||||| |||| 00| 0 eng d
020 ## - INTERNATIONAL STANDARD BOOK NUMBER
International Standard Book Number 0534001254
050 04 - LIBRARY OF CONGRESS CALL NUMBER
Classification number QA154
Item number B43 1971
100 ## - MAIN ENTRY--PERSONAL NAME
Personal name Beckenbach, Edwin F.
245 10 - TITLE STATEMENT
Title Essentials of college algebra
Statement of responsibility, etc / [by] Edwin F. Beckenbach, Irving Drooyan [and] William Wooton.
250 ## - EDITION STATEMENT
Edition statement 1a ed.
260 ## - PUBLICATION, DISTRIBUTION, ETC. (IMPRINT)
Place of publication, distribution, etc Belmont, CA. :
Name of publisher, distributor, etc Wadsworth Publishing Company,
Date of publication, distribution, etc c1971
300 ## - PHYSICAL DESCRIPTION
Extent 340 p. :
Other physical details il. ;
Dimensions 28 cm.
650 #7 - SUBJECT ADDED ENTRY--TOPICAL TERM
Source of heading or term lemb
Topical term or geographic name as entry element Álgebra
942 ## - ADDED ENTRY ELEMENTS (KOHA)
Source of classification or shelving scheme Biblioteca del Cogreso de los Estados Unidos
Koha item type Libro
Holdings
Estado de pérdida Fuente de clasificación Estado del daño No para préstamo Ubicación permanente Ubicación actual Apartado o colección Fecha de adquisición Fuente de adquisición Edición Área del conocimiento Clasificación Código de Barras Date last seen Número de copia Tipo de recurso
  Biblioteca del Cogreso de los Estados Unidos     Biblioteca de la Facultad de Ingeniería Eléctrica Biblioteca de la Facultad de Ingeniería Eléctrica General 19/02/2019 Unidad Académica 1a ed. Ciencias Naturales y Exactas QA154 B43 1971 BIE000001934 19/02/2019 C:1 Libro